000 00849nam a2200253 a 4500
001 BRL_1477
005 20190320211226.0
008 141215s1994----ne-aob####---#000-0#ger-#
041 _ager
044 _ane
050 4 _aF1221.N3
_b.L49 1994
100 1 _aLeyenaar, Ted J. J.
_922791
245 1 0 _aIndianen van Mexico
_bAzteken in ’t verleden, Nahua’s van heden : gids voor de materiële cultuur, speciaal kleding en aardewerk van de Nahua´s
_cTh.J.J. Leyenaar.
260 _aLeiden
_bRijksmuseum voor Volkenkunde
_c[1994?]
300 _a150 p.
_bil., mapas
_c24 cm.
500 _aAu1758
500 _aIncluye dedicatoria a Ruth Lechuga
504 _aBibliografía: p. 127-130
650 1 4 _aNahuas
_927041
650 1 4 _aNahuas
_xVida social y costumbres
_923578
650 1 4 _aAztecas
_xHistoria
_92486
902 _aGRL
942 _2lcc
_cB
999 _c10287
_d10287